000 00299nam a22001337a 4500
008 170830b xxu||||| |||| 00| 0 eng d
020 _a9780534562786
041 _aeng
080 _a070
100 _a39
101 _aMED
245 _aWRITING AND REPORTING NEWS
_cRICH.C
942 _2udc
_cBK
999 _c25518
_d25518